[Event "Tch-SWE 2002-3"]
[Site "Sweden"]
[Date "2002.12.07"]
[Round "5"]
[White "Berg, Emanuel"]
[Black "Gdanski, Jacek"]
[Result "1/2-1/2"]
[WhiteElo "2527"]
[BlackElo "2506"]
[PlyCount "141"]
[EventDate "2003.01.01"]
[Source "Roberto Alvarez"]
[SourceDate "2003.03.17"]

1. e4 e6 2. d4 d5 3. Nc3 Bb4 4. Nge2 Ne7 5. a3 Ba5 6. Be3 O-O 7. Qd3 c6 8. h4 Nd7 9. h5 b5 10. b4 Bc7 11. e5 a5 12. Rb1 f6 13. f4 Nf5 14. g4 Nxe3 15. Qxe3 Qe7 16. Nd1 Nb6 17. Nc1 fxe5 18. fxe5 Bb7 19. c3 Nc4 20. Bxc4 dxc4 21. Rh3 axb4 22. axb4 Qf7 23. Qf2 Qd7 24. Qe3 Bd8 25. h6 Qf7 26. hxg7 Qxg7 27. Qh6 Bg5 28. Qxg7+ Kxg7 29. Ne2 Ra2 30. Rb2 Ra1 31. d5 cxd5 32. Nd4 Bc8 33. Rf3 Bd7 34. Rbf2 Rxf3 35. Rxf3 Bh4+ 36. Ke2 Ra2+ 37. Kf1 Bd8 38. Ne3 Bc7 39. Nxd5 Ra1+ 40. Ke2 Ra2+ 41. Kf1 Ra1+ 42. Ke2 Ra2+ 43. Ke1 Bxe5 44. Nb6 Bxd4 45. cxd4 Bc6 46. Re3 Bd5 47. Nxd5 exd5 48. Re7+ Kg6 49. Rb7 c3 50. Rc7 Ra3 51. Ke2 Rb3 52. Kd3 Rxb4 53. Rxc3 Rc4 54. Ra3 Rc7 55. Ra6+ Kg5 56. Rd6 Kxg4 57. Rxd5 Rb7 58. Kc3 b4+ 59. Kb3 h5 60. Rd8 Rh7 61. Kxb4 h4 62. Rg8+ Kf4 63. Kc5 h3 64. Rg1 Rh5+ 65. d5 h2 66. Rh1 Kg3 67. Kc6 Kg2 68. Rxh2+ Kxh2 69. d6 Rh6 70. Kc7 Rxd6 71. Kxd6 1/2-1/2

[Event "CUB-ch"]
[Site "?"]
[Date "2000.??.??"]
[Round "?"]
[White "Perez Rodney"]
[Black "Nogueiras Jesus"]
[Result "1/2-1/2"]
[WhiteElo "2470"]
[BlackElo "2560"]
[PlyCount "24"]
[EventDate "2000.??.??"]
[Source "www.chesslib.no"]
[SourceDate "2004.05.04"]

1. e4 e6 2. d4 d5 3. Nc3 Bb4 4. Nge2 dxe4 5. a3 Bxc3+ 6. Nxc3 Nc6 7. Bb5 Nge7 8. Bg5 f6 9. Be3 O-O 10. Qd2 e5 11. dxe5 Qxd2+ 12. Bxd2 Nxe5 1/2-1/2

[Event "Thaelmann Memorial"]
[Site "Berlin East"]
[Date "1988.??.??"]
[Round "3"]
[White "Gipslis, Aivars P"]
[Black "Knaak, Rainer F A"]
[Result "1/2-1/2"]
[WhiteElo "2505"]
[BlackElo "2525"]
[PlyCount "81"]
[EventDate "1988.04.05"]
[Source "www.chesslib.no"]
[SourceDate "2004.05.04"]

1. e4 e6 2. d4 d5 3. Nc3 Bb4 4. Nge2 dxe4 5. a3 Bxc3+ 6. Nxc3 Nc6 7. Bb5 Nge7 8. Bg5 f6 9. Be3 O-O 10. Qd2 e5 11. dxe5 Qxd2+ 12. Bxd2 Nxe5 13. Nxe4 Bf5 14. f3 Bxe4 15. fxe4 Nc8 16. O-O-O Nd6 17. Bd3 Rfe8 18. Rhe1 Re6 19. Bf4 Rae8 20. Bg3 R8e7 21. h3 Kf8 22. Re2 Ke8 23. Rde1 c5 24. Re3 b5 25. Bf2 Rc7 26. Be2 a5 27. Rd1 b4 28. Bg3 Rc6 29. axb4 axb4 30. b3 Re7 31. Rd5 Kf7 32. Bxe5 Rxe5 33. Rxe5 fxe5 34. Rf3+ Ke7 35. Bd3 Rc8 36. Kd2 Ra8 37. Rf1 Ra2 38. Ke3 Ra3 39. Ke2 Ra2 40. Ke3 g6 41. h4 1/2-1/2

[Event "SUI-chT"]
[Site "?"]
[Date "2000.??.??"]
[Round "?"]
[White "Sokolov Andrei"]
[Black "Hug Werner"]
[Result "1-0"]
[WhiteElo "2565"]
[BlackElo "2465"]
[PlyCount "129"]
[EventDate "2000.??.??"]
[Source "www.chesslib.no"]
[SourceDate "2004.05.04"]

1. e4 e6 2. d4 d5 3. Nc3 Bb4 4. Nge2 Nc6 5. a3 Ba5 6. b4 Bb6 7. Be3 Nf6 8. e5 Ng4 9. Nf4 Nxe3 10. fxe3 Qh4+ 11. g3 Qg5 12. Qh5 h6 13. Bd3 Bd7 14. Nce2 g6 15. Qf3 O-O-O 16. c3 Rdf8 17. a4 a5 18. b5 Nxe5 19. dxe5 Qxe5 20. e4 g5 21. Ng2 f5 22. exf5 exf5 23. O-O-O f4 24. gxf4 gxf4 25. Bc2 c6 26. bxc6 bxc6 27. Nd4 Rhg8 28. Rd2 Kc7 29. Ne1 Qd6 30. Kb2 Rf6 31. Bb3 Re8 32. Nec2 Re4 33. Rhd1 Qe7 34. c4 Qe5 35. Qc3 Kb7 36. cxd5 cxd5 37. Nb5 d4 38. Ncxd4 Re3 39. Rd3 Rg6 40. Rxe3 fxe3 41. Nc2 Qxc3+ 42. Nxc3 Bc6 43. Bd5 Rg5 44. Bxc6+ Kxc6 45. Re1 Rh5 46. Nxe3 Rxh2+ 47. Kb3 h5 48. Nf5 Bc5 49. Re6+ Kd7 50. Rh6 Bf8 51. Rh8 Bb4 52. Rh7+ Kc6 53. Kc4 Rh1 54. Rh6+ Kb7 55. Ne4 Ba3 56. Nc5+ Ka7 57. Rh7+ Kb6 58. Rh6+ Ka7 59. Nb3 Bf8 60. Rh8 Bb4 61. Kb5 Rb1 62. Rh7+ Kb8 63. Nfd4 Bc3 64. Nc6+ Kc8 65. Kc4 1-0

[Event "Tch-ESP Division de Honor"]
[Site "Lanzarote"]
[Date "2003.05.10"]
[Round "5.1"]
[White "Kolev, Atanas"]
[Black "Matamoros Franco, Carlos"]
[Result "1-0"]
[WhiteElo "2556"]
[BlackElo "2472"]
[PlyCount "45"]
[EventDate "2003.05.06"]
[Source "Roberto Alvarez"]
[SourceDate "2003.05.19"]

1. e4 e6 2. d4 d5 3. Nc3 Bb4 4. Nge2 dxe4 5. a3 Bxc3+ 6. Nxc3 Nc6 7. Bb5 Nge7 8. Bg5 f6 9. Be3 O-O 10. Qd2 f5 11. O-O-O a6 12. Bxc6 Nxc6 13. Bg5 Qd7 14. d5 Ne5 15. f3 Nf7 16. fxe4 Nxg5 17. Qxg5 fxe4 18. Rhf1 Rxf1 19. Rxf1 h6 20. Qg6 exd5 21. Nxd5 Qxd5 22. Qe8+ Kh7 23. Rf8 1-0

[Event "Sigeman & Co"]
[Site "Malmo"]
[Date "2002.06.12"]
[Round "7"]
[White "Hector, Jonny"]
[Black "Berg, Emanuel"]
[Result "1/2-1/2"]
[WhiteElo "2513"]
[BlackElo "2514"]
[PlyCount "205"]
[EventDate "2002.06.06"]
[Source "ChessBase"]
[SourceDate "2002.09.20"]

1. e4 e6 2. d4 d5 3. Nc3 Bb4 4. Nge2 Nf6 5. e5 Nfd7 6. f4 b6 7. g3 Bb7 8. Bg2 g6 9. Be3 h5 10. Qd2 Be7 11. O-O-O Nc6 12. h3 Na5 13. b3 Bb4 14. Kb1 Ba6 15. Bf3 c5 16. Qc1 c4 17. Qb2 b5 18. a3 Bxa3 19. Qxa3 b4 20. Qxb4 Rb8 21. Qa4 cxb3 22. cxb3 Rxb3+ 23. Kc2 Qc7 24. Ra1 Bxe2 25. Qxa5 Qxa5 26. Rxa5 Bxf3 27. Kxb3 Bxh1 28. Rxa7 Nb8 29. Nb5 O-O 30. Rc7 Na6 31. Re7 Bg2 32. Ka4 Bxh3 33. Bc1 g5 34. fxg5 Kg7 35. Ka5 Bf1 36. Nd6 Kg6 37. Rb7 Nb8 38. Kb6 Na6 39. Ka7 Kg7 40. Bd2 Kg6 41. Rb1 Bd3 42. Rb3 Bc4 43. Nxc4 dxc4 44. Rb7 c3 45. Bxc3 Rc8 46. Ba5 Rc6 47. Rd7 Nc5 48. dxc5 Rxc5 49. Bc7 Rd5 50. Re7 Rd3 51. Re8 Rxg3 52. Bd8 h4 53. Rh8 h3 54. Bf6 Kf5 55. Rh4 Rb3 56. Ka6 Rg3 57. Kb5 Rf3 58. Kc6 Rd3 59. Kc5 Kg6 60. Kc6 Kf5 61. Kc7 Kg6 62. Be7 Kf5 63. Rh7 Kxe5 64. Rxf7 h2 65. Rh7 Rd2 66. Rh6 Kf5 67. g6 Rg2 68. Kd6 Rxg6 69. Rxh2 Ke4 70. Rh4+ Kf5 71. Rh5+ Ke4 72. Re5+ Kd4 73. Bd8 Kd3 74. Bb6 Kc4 75. Re4+ Kd3 76. Re3+ Kc4 77. Re5 Rh6 78. Kc6 Rg6 79. Bc5 Rh6 80. Re3 e5+ 81. Bd6 Re6 82. Kd7 Kd4 83. Bc5+ Kd5 84. Rd3+ Kc4 85. Rd1 Rg6 86. Bf2 Ra6 87. Ke7 Rg6 88. Kf7 Ra6 89. Rd8 Rc6 90. Bg3 e4 91. Bf2 Kc3 92. Rd5 Ra6 93. Rd7 Ra2 94. Bd4+ Kd3 95. Ke6 e3 96. Ke5 Ra5+ 97. Kf4 Ra4 98. Ke5 Ra5+ 99. Ke6 Ke4 100. Bc3 Ra6+ 101. Kf7 Rc6 102. Bb4 e2 103. Re7+ 1/2-1/2

[Event "SWE-ch"]
[Site "Linkoping"]
[Date "2001.07.04"]
[Round "5"]
[White "Hector, Jonny"]
[Black "Karlsson, Lars"]
[Result "1/2-1/2"]
[WhiteElo "2546"]
[BlackElo "2476"]
[PlyCount "80"]
[EventDate "2001.06.30"]
[Source "ChessBase"]
[SourceDate "2001.11.13"]

1. e4 e6 2. d4 d5 3. Nc3 Bb4 4. Nge2 dxe4 5. a3 Be7 6. g4 h5 7. gxh5 Rxh5 8. Nxe4 Rh4 9. Qd3 Nf6 10. N4c3 Nd5 11. Rg1 Nxc3 12. Nxc3 Kf8 13. Qg3 g6 14. Bf4 Bd6 15. Bxd6+ cxd6 16. Bd3 e5 17. O-O-O exd4 18. Nd5 Nc6 19. Kb1 Ne5 20. f4 Rh3 21. Qf2 Nxd3 22. cxd3 Be6 23. Qxd4 Bxd5 24. Qxd5 Qf6 25. f5 Qxf5 26. Qxd6+ Kg8 27. Ka1 Rf3 28. h4 Rf2 29. h5 Qxh5 30. Rh1 Qf3 31. Rb1 Qf6 32. Qd7 Rd8 33. Qh3 Rf3 34. Qh7+ Kf8 35. Rbe1 Rfxd3 36. Rhf1 Qg7 37. Rxf7+ Qxf7 38. Qh8+ Qg8 39. Qf6+ Qf7 40. Qh8+ Qg8 1/2-1/2

[Event "Sochi"]
[Site "Sochi"]
[Date "1980.??.??"]
[Round "5"]
[White "Zaitsev, Igor A"]
[Black "Ivkov, Borislav"]
[Result "1/2-1/2"]
[WhiteElo "2490"]
[BlackElo "2530"]
[PlyCount "34"]
[EventDate "1980.09.??"]
[Source "ChessBase"]

1. e4 e6 2. d4 d5 3. Nc3 Bb4 4. Nge2 dxe4 5. a3 Be7 6. Nxe4 Nf6 7. Nxf6+ Bxf6 8. Be3 O-O 9. Qd3 c5 10. O-O-O Qb6 11. c3 Nd7 12. dxc5 Nxc5 13. Qc4 Nb3+ 14. Kc2 Na5 15. Bxb6 Nxc4 16. Bc5 Rd8 17. Rxd8+ Bxd8 1/2-1/2

[Event "Mind Sports Games - Blitz Team"]
[Site "Pechino CINA"]
[Date "2008.10.13"]
[Round "9"]
[White "Mekhitarian, K."]
[Black "Gonzalez Garcia, J2."]
[Result "1/2-1/2"]
[WhiteElo "2511"]
[BlackElo "2508"]
[PlyCount "119"]
[EventDate "2008.10.13"]
[Source "www.chesslib.no"]
[SourceDate "2004.05.04"]

1. e4 e6 2. d4 d5 3. Nc3 Bb4 4. Nge2 dxe4 5. a3 Be7 6. Nxe4 Nf6 7. Nxf6+ Bxf6 8. Be3 c5 9. c3 cxd4 10. Nxd4 O-O 11. Bc4 Bd7 12. O-O Nc6 13. Nb5 Ne5 14. Be2 Bc6 15. Nd4 Bd5 16. b3 Nc6 17. Nxc6 Bxc6 18. Qxd8 Rfxd8 19. Rac1 b6 20. Rfd1 Kf8 21. f3 g5 22. Kf2 h5 23. a4 Ke7 24. c4 Rxd1 25. Rxd1 Rd8 26. Rxd8 Kxd8 27. a5 Kc7 28. axb6+ axb6 29. b4 Be7 30. Bd2 f5 31. Bd3 Bf6 32. h3 h4 33. Be3 Be7 34. Bd2 Bf6 35. Be3 Be7 36. b5 Bd7 37. f4 gxf4 38. Bxf4+ Bd6 39. Bg5 Bg3+ 40. Ke3 e5 41. Be7 Be6 42. c5 e4 43. Bf1 bxc5 44. Bxc5 Bd5 45. Kd4 Bb7 46. b6+ Kc8 47. Bc4 f4 48. Be6+ Kb8 49. Bd6+ Ka8 50. Bf5 e3 51. Kd3 Bxg2 52. Bg4 Kb7 53. Bc7 f3 54. Kxe3 f2 55. Be2 Bxc7 56. bxc7 f1=Q 57. Bxf1 Bxf1 58. Kf4 Bxh3 59. Kg5 Kxc7 60. Kxh4 1/2-1/2

[Event "IHEM 2004"]
[Site "Hamburg"]
[Date "2000.01.01"]
[Round "8.4"]
[White "Hector, Jonny"]
[Black "Farago, Ivan"]
[Result "1-0"]
[WhiteElo "2512"]
[BlackElo "2507"]
[PlyCount "80"]
[EventDate "2004.05.29"]
[Source "Roberto Alvarez"]
[SourceDate "2004.06.07"]

1. e4 e6 2. d4 d5 3. Nc3 Bb4 4. Nge2 dxe4 5. a3 Bxc3+ 6. Nxc3 Nc6 7. Bb5 Nge7 8. Bg5 f6 9. Be3 O-O 10. Qd2 f5 11. O-O-O a6 12. Bxc6 Nxc6 13. Bg5 Qd7 14. d5 exd5 15. Nxd5 Qf7 16. Bf4 Be6 17. Nxc7 Rad8 18. Qc3 Rc8 19. Nxe6 Qxe6 20. Rd6 Qa2 21. Rhd1 Rcd8 22. b4 Rxd6 23. Rxd6 Qf7 24. Kb2 h6 25. a4 Re8 26. b5 axb5 27. axb5 Nd8 28. Bd2 Ne6 29. Qc4 Kh7 30. Bb4 Qg6 31. g3 Qf6+ 32. Bc3 Qf7 33. g4 Re7 34. gxf5 Qxf5 35. Rd5 Qxf2 36. Qxe4+ Kg8 37. Rd8+ Kf7 38. Rc8 Qf4 39. Qd3 Qf2 40. Bb4 Nf4 1-0

[Event "USA-ch"]
[Site "USA"]
[Date "1986.??.??"]
[Round "?"]
[White "De Firmian, Nick E"]
[Black "Fedorowicz, John P"]
[Result "1/2-1/2"]
[WhiteElo "2490"]
[BlackElo "2525"]
[PlyCount "31"]
[EventDate "1986.10.??"]
[Source "ChessBase"]

1. e4 e6 2. d4 d5 3. Nc3 Bb4 4. Nge2 dxe4 5. a3 Be7 6. Nxe4 Nf6 7. N2c3 O-O 8. Bc4 Nbd7 9. O-O c5 10. Be3 Nxe4 11. Nxe4 Qc7 12. Nxc5 Nxc5 13. dxc5 Bxc5 14. Bxc5 Qxc5 15. Bd3 b6 16. Qf3 1/2-1/2

[Event "Biel op"]
[Site "Biel"]
[Date "1992.??.??"]
[Round "10"]
[White "Campora, Daniel Hugo"]
[Black "Soffer, Ram"]
[Result "1-0"]
[WhiteElo "2565"]
[BlackElo "2450"]
[PlyCount "109"]
[EventDate "1992.07.??"]
[Source "ChessBase"]

1. e4 e6 2. d4 d5 3. Nc3 Bb4 4. Nge2 dxe4 5. a3 Bxc3+ 6. Nxc3 Nc6 7. Be3 Nf6 8. Bb5 h6 9. O-O O-O 10. Bxc6 bxc6 11. Qd2 Re8 12. f3 Ba6 13. Rf2 e5 14. dxe5 Qxd2 15. Rxd2 exf3 16. exf6 Rxe3 17. Kf2 Re6 18. gxf3 Rxf6 19. Rad1 Re8 20. Rd8 Kf8 21. Ne4 Rfe6 22. R1d2 Bc8 23. Nc5 Rg6 24. R2d4 Rg5 25. Ne4 Rge5 26. Rxe8+ Kxe8 27. Ra4 f5 28. Nd2 a6 29. f4 Rd5 30. Ke3 g5 31. Nf3 g4 32. Ne5 Rd1 33. Rb4 c5 34. Rb8 Kd8 35. Nf7+ Kd7 36. Nxh6 Re1+ 37. Kf2 Re4 38. Kg3 Re3+ 39. Kh4 Rh3+ 40. Kg5 Rxh2 41. Nxf5 c6 42. Rb3 Kc7 43. Rc3 Bxf5 44. Kxf5 g3 45. Rxg3 Rxc2 46. Kg6 Rxb2 47. f5 c4 48. f6 Rb3 49. Rg5 c3 50. f7 Rb8 51. Rc5 Kd6 52. Rxc3 c5 53. Kg7 Kd5 54. Rd3+ Ke4 55. Rd6 1-0

[Event "Excelsior Cup"]
[Site "Goteborg"]
[Date "2004.01.15"]
[Round "8"]
[White "Hector, Jonny"]
[Black "Berg, Emanuel"]
[Result "1-0"]
[WhiteElo "2518"]
[BlackElo "2495"]
[PlyCount "55"]
[EventDate "2004.01.06"]
[Source "Roberto Alvarez"]
[SourceDate "2004.01.19"]

1. e4 e6 2. d4 d5 3. Nc3 Bb4 4. Nge2 Nc6 5. a3 Ba5 6. e5 Nge7 7. b4 Bb6 8. Na4 O-O 9. Rb1 Nf5 10. Nxb6 axb6 11. b5 Na5 12. Ng3 c5 13. Nxf5 exf5 14. Be2 Be6 15. O-O Qe7 16. Be3 Rfd8 17. Qc1 h6 18. a4 Nc4 19. Ra1 Qc7 20. Bd3 Ra5 21. Bxh6 gxh6 22. Qxh6 f4 23. Bh7+ Kh8 24. Bf5+ Kg8 25. Qh7+ Kf8 26. Bxe6 cxd4 27. Rfe1 Re8 28. Bxd5 1-0

[Event "TCh-SWE 2003-4"]
[Site "Goteborg"]
[Date "2004.03.13"]
[Round "10"]
[White "Hector, Jonny"]
[Black "Berg, Emanuel"]
[Result "0-1"]
[WhiteElo "2518"]
[BlackElo "2495"]
[PlyCount "114"]
[EventDate "2004.01.01"]
[Source "Roberto Alvarez"]
[SourceDate "2004.03.15"]

1. e4 e6 2. d4 d5 3. Nc3 Bb4 4. Nge2 Nc6 5. a3 Ba5 6. e5 Nge7 7. b4 Bb6 8. Na4 O-O 9. b5 Ba5+ 10. c3 Nb8 11. Nc5 a6 12. bxa6 Nxa6 13. Nb3 c5 14. dxc5 Nc6 15. f4 f6 16. exf6 Qxf6 17. g3 Nxc5 18. Nxa5 Nxa5 19. Be3 b6 20. Bg2 Nc4 21. Bd4 Qf5 22. O-O Bd7 23. Qb1 Qf7 24. Ra2 Ra5 25. Nc1 Rb5 26. Qc2 Ra8 27. Nd3 Nxa3 28. Ne5 Nxc2 29. Rxa8+ Qe8 30. Rxe8+ Bxe8 31. f5 Kf8 32. fxe6+ Ke7 33. Bf2 Kxe6 34. Nf3 Bg6 35. Bd4 Bd3 36. Bh3+ Kd6 37. Be5+ Ke7 38. Rc1 Nb3 39. Rb1 Ne3 40. Rb2 Nc4 41. Rf2 Nc5 42. Bd4 Ne4 43. g4 Rb1+ 44. Kg2 g6 45. g5 Nxf2 46. Kxf2 Kd6 47. Bg7 Rb2+ 48. Kg3 Ne3 49. Be5+ Kc6 50. Nd4+ Kc5 51. Ne6+ Kc4 52. Nf8 Nf5+ 53. Bxf5 Bxf5 54. Nxh7 Re2 55. Bf6 Re3+ 56. Kg2 b5 57. Bd4 Re2+ 0-1

[Event "Interpolis"]
[Site "?"]
[Date "1993.11.13"]
[Round "1.1"]
[White "Bronstein David I"]
[Black "Vaganian Rafael Agred"]
[Result "1/2-1/2"]
[WhiteElo "2395"]
[BlackElo "2615"]
[PlyCount "92"]
[EventDate "1993.??.??"]
[Source "www.chesslib.no"]
[SourceDate "2004.05.04"]

1. e4 e6 2. d4 d5 3. Nc3 Bb4 4. Nge2 dxe4 5. a3 Bxc3+ 6. Nxc3 Nc6 7. d5 exd5 8. Qxd5 Be6 9. Qxd8+ Rxd8 10. Bf4 Nf6 11. Bxc7 Rd7 12. Bf4 O-O 13. Bb5 Rc8 14. Bg5 Ne8 15. Rd1 Rxd1+ 16. Kxd1 Nd6 17. Bxc6 Rxc6 18. Kc1 f5 19. Rd1 Kf7 20. Ne2 Nc4 21. Bf4 Rc8 22. a4 h6 23. h4 Kf6 24. h5 Ne5 25. Be3 Bc4 26. Nc3 Nc6 27. Rd7 b6 28. Nb5 Rd8 29. Rxd8 Nxd8 30. Nxa7 Ne6 31. g3 f4 32. gxf4 g6 33. Kd2 gxh5 34. f3 exf3 35. Bxb6 h4 36. Bg1 h3 37. Ke3 Bd5 38. b3 Kf5 39. c4 Bb7 40. b4 Nxf4 41. b5 Ng2+ 42. Kf2 Nf4 43. Nc6 Nd3+ 44. Kxf3 Ne5+ 45. Kg3 Nxc6 46. bxc6 Bxc6 1/2-1/2

[Event "Bor"]
[Site "Bor"]
[Date "1985.??.??"]
[Round "12"]
[White "Campora, Daniel H"]
[Black "Eingorn, Vereslav S"]
[Result "1/2-1/2"]
[WhiteElo "2485"]
[BlackElo "2525"]
[PlyCount "24"]
[EventDate "1985.??.??"]
[Source "www.chesslib.no"]
[SourceDate "2004.05.04"]

1. e4 e6 2. d4 d5 3. Nc3 Bb4 4. Nge2 dxe4 5. a3 Be7 6. Nxe4 b6 7. Be3 Bb7 8. Qd3 Nd7 9. O-O-O Ngf6 10. N2c3 Nxe4 11. Nxe4 Nf6 12. Nxf6+ Bxf6 1/2-1/2

[Event "Sevilla op"]
[Site "Sevilla"]
[Date "1992.??.??"]
[Round "4"]
[White "Campora, Daniel Hugo"]
[Black "Zlotnik, Boris A"]
[Result "1-0"]
[WhiteElo "2550"]
[BlackElo "2455"]
[PlyCount "73"]
[EventDate "1992.01.??"]
[Source "ChessBase"]

1. e4 e6 2. d4 d5 3. Nc3 Bb4 4. Nge2 dxe4 5. a3 Be7 6. Nxe4 Nf6 7. N2g3 Nc6 8. Be3 O-O 9. Nc3 Nd5 10. Nxd5 exd5 11. Be2 f5 12. Qd2 h6 13. O-O Be6 14. Rfe1 Bd6 15. Bf4 g5 16. Bxd6 Qxd6 17. Nf1 f4 18. h3 Bf5 19. Nh2 Qg6 20. c4 Qg7 21. Rad1 dxc4 22. Bxc4+ Kh8 23. Bd5 Nd8 24. Qb4 a5 25. Qe7 c6 26. Ba2 Ra6 27. Rd2 Rb6 28. Bc4 Qxe7 29. Rxe7 Bg6 30. Ng4 Bh7 31. Ne5 Bf5 32. g4 fxg3 33. fxg3 c5 34. g4 Bc8 35. dxc5 Rbf6 36. Rf2 Nc6 37. Ng6+ 1-0

[Event "Berliner Sommer"]
[Site "Berlin GER"]
[Date "1991.??.??"]
[Round "?"]
[White "Van Mil, Johannes A J"]
[Black "Rozentalis, Eduardas"]
[Result "1-0"]
[WhiteElo "2430"]
[BlackElo "2575"]
[PlyCount "67"]
[EventDate "1991.07.??"]
[Source "www.chesslib.no"]
[SourceDate "2004.05.04"]

1. e4 e6 2. d4 d5 3. Nc3 Bb4 4. Nge2 dxe4 5. a3 Bxc3+ 6. Nxc3 Nc6 7. Be3 Nf6 8. Qd2 Ne7 9. O-O-O Ned5 10. Bg5 Bd7 11. Bc4 Bc6 12. Rhe1 Nxc3 13. Qxc3 Nd5 14. Qg3 Qd6 15. Qh4 Nb6 16. Bf1 f6 17. Bf4 Qe7 18. Qh5+ g6 19. Qa5 O-O 20. c4 Rfd8 21. g4 Rd7 22. g5 Rf8 23. h4 Qf7 24. Qc3 Nc8 25. gxf6 Qxf6 26. Bg5 Qf7 27. Bh3 Rd6 28. c5 Rd7 29. f3 e3 30. Rxe3 Bd5 31. Rde1 Re8 32. h5 c6 33. f4 Kh8 34. Bxe6 1-0

[Event "Las Vegas, NV USA"]
[Site "Las Vegas, NV USA"]
[Date "1986.??.??"]
[Round "?"]
[White "Shirazi, Kamran"]
[Black "Benjamin, Joel L"]
[Result "1-0"]
[WhiteElo "2450"]
[BlackElo "2555"]
[PlyCount "97"]
[EventDate "1986.??.??"]
[Source "www.chesslib.no"]
[SourceDate "2004.05.04"]

1. e4 e6 2. d4 d5 3. Nc3 Bb4 4. Nge2 Ne7 5. a3 Ba5 6. Qd3 Nbc6 7. Be3 dxe4 8. Qxe4 Nd5 9. O-O-O O-O 10. Nxd5 Qxd5 11. Qxd5 exd5 12. Nf4 Rd8 13. Be2 Ne7 14. g4 c6 15. h4 Re8 16. Rdg1 Bc7 17. h5 Bd7 18. Bd3 f5 19. h6 g6 20. Nh5 Kf7 21. Ng7 Rg8 22. f3 Bd6 23. Rg2 fxg4 24. fxg4 Rgf8 25. Re1 Kg8 26. Bg5 Nc8 27. Kb1 Rf7 28. Ne8 Bxe8 29. Rxe8+ Rf8 30. Re6 Bf4 31. Bxf4 Rxf4 32. Re8+ Rf8 33. Bxg6 Rxe8 34. Bxe8 Nd6 35. Bh5 Rf8 36. g5 Rf1+ 37. Ka2 Nf5 38. Re2 Nxd4 39. Re7 Rf5 40. g6 hxg6 41. Bxg6 Rf8 42. Rxb7 a5 43. Rc7 a4 44. Bd3 Kh8 45. Rh7+ Kg8 46. Ra7 c5 47. Rd7 c4 48. Bxc4 Nxc2 49. Bxd5+ 1-0

[Event "Moscow Veterans"]
[Site "Moscow"]
[Date "1991.??.??"]
[Round "?"]
[White "Gipslis, Aivars"]
[Black "Krogius, Nikolai V"]
[Result "1/2-1/2"]
[WhiteElo "2465"]
[BlackElo "2535"]
[PlyCount "29"]
[EventDate "1991.06.??"]
[Source "ChessBase"]

1. e4 e6 2. d4 d5 3. Nc3 Bb4 4. Nge2 dxe4 5. a3 Be7 6. Nxe4 Nf6 7. Qd3 O-O 8. Bf4 Nbd7 9. O-O-O Nxe4 10. Qxe4 c5 11. Nc3 Nf6 12. Qe1 cxd4 13. Be5 Qa5 14. Rxd4 Rd8 15. Rxd8+ 1/2-1/2

[Event "Open"]
[Site "Ostende op"]
[Date "1990.??.??"]
[Round "?"]
[White "Van Mil, Johannes A J"]
[Black "Adams, Michael"]
[Result "0-1"]
[WhiteElo "2445"]
[BlackElo "2555"]
[PlyCount "93"]
[EventDate "1990.??.??"]
[Source "www.chesslib.no"]
[SourceDate "2004.05.04"]

1. e4 e6 2. d4 d5 3. Nc3 Bb4 4. Nge2 dxe4 5. a3 Bxc3+ 6. Nxc3 Nc6 7. Be3 Nf6 8. Qd2 Nd5 9. O-O-O Nxc3 10. Qxc3 O-O 11. Bf4 a6 12. Qe3 Qd5 13. c4 Qf5 14. g4 Qg6 15. Rg1 b5 16. Bg2 e5 17. dxe5 Qe6 18. Bxe4 Rb8 19. Bd5 Qe8 20. Qc5 Bd7 21. Rg3 Nd8 22. Bd2 c6 23. Be4 Nb7 24. Qe3 bxc4 25. Rh3 f5 26. exf6 Rxf6 27. Bxh7+ Kf7 28. Bc3 Bxg4 29. Bxf6 Qxe3+ 30. Rxe3 Bxd1 31. Bg5 Bb3 32. Re7+ Kf8 33. Bc2 Nc5 34. Re3 Bxc2 35. Kxc2 Nd3 36. Kc3 Nxb2 37. Be7+ Kf7 38. Re5 Rb3+ 39. Kd4 Rd3+ 40. Ke4 Nd1 41. Bc5 Nc3+ 42. Kf4 Nd5+ 43. Ke4 g6 44. Rg5 Rd1 45. f4 c3 46. Rg2 Rd2 47. Rg1 0-1

[Event "Porz GER"]
[Site "Porz GER"]
[Date "1981.??.??"]
[Round "?"]
[White "Miles, Anthony J"]
[Black "Reefschlaeger, Helmut"]
[Result "1-0"]
[WhiteElo "2590"]
[BlackElo "2410"]
[PlyCount "43"]
[EventDate "1981.??.??"]
[Source "www.chesslib.no"]
[SourceDate "2004.05.04"]

1. e4 e6 2. d4 d5 3. Nc3 Bb4 4. Nge2 dxe4 5. a3 Bxc3+ 6. Nxc3 Nc6 7. Bb5 Nge7 8. Be3 O-O 9. Qd2 a6 10. Bxc6 Nxc6 11. O-O-O f5 12. Bg5 Qe8 13. f3 exf3 14. gxf3 Nd8 15. Rhg1 c6 16. Rg3 Rf7 17. Rdg1 b5 18. Bf6 Rxf6 19. Rxg7+ Kh8 20. Qg5 Rg6 21. Rxg6 hxg6 22. Qh6+ 1-0

[Event "RUS Team Ch"]
[Site "Podolsk RUS"]
[Date "1992.??.??"]
[Round "?"]
[White "Zaitsev, Igor A"]
[Black "Vladimirov, Evgeny Y"]
[Result "1/2-1/2"]
[WhiteElo "2425"]
[BlackElo "2575"]
[PlyCount "29"]
[EventDate "1992.??.??"]
[Source "www.chesslib.no"]
[SourceDate "2004.05.04"]

1. e4 e6 2. d4 d5 3. Nc3 Bb4 4. Nge2 dxe4 5. a3 Be7 6. Nxe4 Nf6 7. Qd3 Nbd7 8. Bd2 b6 9. O-O-O Bb7 10. N2c3 O-O 11. Be2 Nxe4 12. Nxe4 Nf6 13. Bf3 Bxe4 14. Bxe4 Nxe4 15. Qxe4 1/2-1/2

[Event "AUT-chT 9697"]
[Site "Austria"]
[Date "1996.??.??"]
[Round "9"]
[White "Brestian, Egon"]
[Black "Chernin, Alexander"]
[Result "0-1"]
[WhiteElo "2500"]
[BlackElo "2500"]
[PlyCount "56"]
[EventDate "1996.??.??"]
[Source "ChessBase"]

1. e4 e6 2. d4 d5 3. Nc3 Bb4 4. Nge2 Nc6 5. a3 Ba5 6. Be3 Nf6 7. e5 Ng4 8. b4 Bb6 9. Na4 Qh4 10. Ng3 O-O 11. Be2 Nxe3 12. fxe3 f6 13. Nxb6 axb6 14. O-O Qg5 15. exf6 Qxe3+ 16. Kh1 g6 17. Bd3 Qxd4 18. f7+ Kh8 19. Qc1 Qg7 20. Qg5 Bd7 21. Rf6 Rxf7 22. Rxf7 Qxf7 23. Rf1 Qg7 24. h4 Ne7 25. h5 Nf5 26. Bxf5 gxf5 27. Qh4 h6 28. Rf3 Rg8 0-1

[Event "XXIII Open"]
[Site "Reykjavik ISL"]
[Date "2008.03.07"]
[Round "5"]
[White "Gunnarsson, J."]
[Black "Meier, Geo"]
[Result "0-1"]
[WhiteElo "2429"]
[BlackElo "2570"]
[PlyCount "48"]
[EventDate "2008.03.03"]
[Source "www.chesslib.no"]
[SourceDate "2004.05.04"]

1. e4 e6 2. d4 d5 3. Nc3 Bb4 4. Nge2 dxe4 5. a3 Be7 6. Nxe4 Nf6 7. N2g3 O-O 8. Be2 Nc6 9. c3 e5 10. Nxf6+ Bxf6 11. d5 Ne7 12. Bc4 Ng6 13. O-O Be7 14. Ne2 Bd6 15. f4 Qh4 16. Qe1 Qxe1 17. Rxe1 Nxf4 18. Nxf4 exf4 19. Bd2 Bd7 20. b4 b5 21. Bf1 Rfe8 22. Rxe8+ Rxe8 23. Bd3 g5 24. Re1 Be5 0-1

[Event "TCh-SWE 2003-4"]
[Site "Malmo"]
[Date "2003.11.30"]
[Round "5"]
[White "Hector, Jonny"]
[Black "Djurhuus, Rune"]
[Result "1/2-1/2"]
[WhiteElo "2515"]
[BlackElo "2483"]
[PlyCount "139"]
[EventDate "2003.11.09"]
[Source "Roberto Alvarez"]
[SourceDate "2004.02.23"]

1. e4 e6 2. d4 d5 3. Nc3 Bb4 4. Nge2 dxe4 5. a3 Be7 6. g4 e5 7. h3 exd4 8. Qxd4 Qxd4 9. Nxd4 c6 10. Bg2 Nf6 11. g5 Nd5 12. Nxe4 O-O 13. c4 Nc7 14. O-O Nba6 15. Be3 Re8 16. b4 Bd7 17. Rab1 Rad8 18. Rfc1 b6 19. Ng3 Nb8 20. c5 bxc5 21. bxc5 Ne6 22. Nxe6 Bxe6 23. Rb7 a6 24. Bf4 Nd7 25. Bxc6 Nxc5 26. Rxe7 Rxe7 27. Rxc5 Bxh3 28. Bf3 Rd3 29. Bg2 Bg4 30. Ra5 Re1+ 31. Kh2 Ra1 32. Rxa6 Raxa3 33. Rb6 Rab3 34. Rc6 Rbc3 35. Rxc3 Rxc3 36. Ne4 Ra3 37. Bc1 Ra1 38. Be3 Be6 39. Nc5 Bc4 40. Kg3 Rd1 41. Bf3 Rd6 42. Bf4 Rb6 43. Nd7 Ra6 44. Be4 Ra3+ 45. Be3 Ra6 46. Ne5 Be6 47. Nd3 Bc4 48. Ne5 Be6 49. Nc6 Ra4 50. Bf3 Bb3 51. Ne7+ Kh8 52. Nf5 Be6 53. Nd4 Ba2 54. Kf4 Ra6 55. Bc6 Ra5 56. Bb5 Ra8 57. Nf5 Be6 58. Nd6 Rd8 59. Bc5 Ba2 60. Bc6 Rb8 61. Bb7 Rd8 62. Ke5 Rf8 63. Ne4 Re8+ 64. Kf4 Re6 65. Bc8 Rc6 66. Bd7 Rc7 67. Bf5 Rc6 68. Bd7 Rc7 69. Bf5 Rc6 70. Bd7 1/2-1/2